000 01397namaa22003131i 4500
005 20260406132910.0
008 260221s1994 ua a|||fr|m|| 000 0 eng d
040 _aEG-GICUC
_beng
_cEG-GICUC
_dEG-GICUC
_erda
041 0 _aeng
_beng
_bara
049 _aDeposit
097 _aM.Sc
099 _aCai01.13.10.M.Sc.1994.Kh.N
100 0 _aKhaled Mohamed Fassieh ,
_epreparation.
245 1 0 _aA Numerical model for two-dimensional current - depth refraction of surface gravity waves /
_cBy Khaled Mohamed Fassieh ; Supervised Prof.Dr. Mohamed S . Tosson, Dr. Mamdouh A. Fahmy
246 1 5 _aنموذج عندى لانكسار الموجات المائية بسبب التيارات وتغيرات طبو غراقية القاع
264 0 _c1994.
300 _a155 Pages :
_billustrations ;
_c25cm. +
336 _2rda content
_atext
337 _2rdamedia
_aUnmediated
338 _2rdacarrier
_avolume
502 _aThesis (M.Sc.) -Cairo University,1994
504 _aBibliography: pages 152 : 155
653 0 _adepth refraction of surface
_adimensional current
_agravity waves
700 0 _aMohamed S . Tosson
_ethesis advisor.
700 0 _aMamdouh A. Fahmy
_ethesis advisor.
900 _DDepartment of Mathematics
_FFaculty of Engineering
_UCairo University
_b1994
_cMohamed S . Tosson
_cMamdouh A. Fahmy
_dMohamed S . Tosson
905 _aNagat
_eNourhan
942 _2ddc
_cTH
_e21
_n0
999 _c178618